000 01196nam a2200373Ia 4500
001 dia_6082
003 CHAP
005 20230316094208.0
008 220117s2013 xx 000 0 und d
010 _a177290
020 _a978-84-9838-232-7
040 _cCHAP
082 _a808.839352042 H67 M55 2013
100 _aHosseini, Khaled
_9160806
245 _aMil soles espléndidos /
_c Khaled Hosseini ; traducción Gema Moral Bartolomé
250 _a15a ed.
260 _aEspaña :
_b Salamandra,
_c2013
300 _a412 p.
440 _aLetras de bolsillo ; 76
_9160807
500 _aTítulo original: A thousand splendid suns
503 _aC.
590 _aPS3608.O832 M55 2013
650 _aAmerican literature
_x21st century
_9153959
650 _aFiction
_9152751
650 _aLiteratura americana
_xSiglo XXI
_9153678
650 _aMujer
_xAfganistán
_xNovela
_9160808
650 _aNovela
_982011
650 _aWomen
_xAfghanistan
_xFiction
_9160809
700 _aMoral Bartolomé, Gema, tr.
_9160810
901 _a808.839352042 H67 M55 2013
902 _aA
905 _a5232272013 sp x 9222222332spa16
942 _cLIBRO
_2ddc
999 _c177290
_d177290